000 00772nam a2200229 a 4500
001 000010752
005 20240412074220.0
008 091009s1981 dr a 000 p spa d
040 _aDO-SdBNP
_bspa
_cBNPHU
082 _aRD861.44
_bP438b
100 1 _aPérez Matos, Rafael
_925961
245 1 4 _aLas baladas de un solitario /
_cRafael Pérez-Matos ; prólogo Emil Kasse Acta.
260 _aSan Pedro de Macorís :
_bUniversidad Central del Este,
_c1981.
300 _a68 p. :
_bil ;
_c23 cm.
490 1 _aLiteratura
_v4
590 _aInventariado, 2018/LP
650 0 _aPoesía dominicana
_966
650 0 _aLiteratura dominicana.
_967
700 1 _aKasse Acta, Emil,
_epról.
_922279
830 0 _aLiteratura ;
_n4
_923246
910 _aValidado. Control de calidad BNPHU
999 _c10507
_d10507